1609 1937 1553 1231 1294 1798 1080 1872 1485 1914 1313 1127 1161 1158 1215 1426 1951 1545 1437 1672 1374 1079 1640 1300 1430 1117 1561 1743 1689 1025 1470 1728 1815 1925 1050 1983 1065 1880 1012 1831 1393 1185 1193 1678 1829 1786 1154 1720 1788 1220 1240 1262 1266 1011 1322 1721 1791 1670 1834 1866 1050 1960 1165 1174 1323 1791 1598 1869 1195 1142 1722 1232 1770 1496 1250 1264 1012 1506 1904 1130 1074 1791 1975 1537 1540 1686 1543 1774 1820 1916 1632 1371 1405 1822 1556 1536 1874 1303 1987 BCNSPRNW ULIB Ver.6.0+V

เปลี่ยนเป็นภาษาไทย

Change to English
 แสดงรายละเอียดบรรณานุกรม
  กลับหน้าหลัก

Brief Record : Get Marc (ISO 2709) : E-mail record : QR code < ปิดหน้าต่าง
LEADER : 00000nam 2200000uu 4500
001    13399112670
003     ULIB
008    110214s2548||||th 000 0 tha d
020    9749756576(ล.1)
050  4 K245.T5^bส719ค ล.1 2548
110 1  มหาวิทยาลัยสุโขทัยธรรมาธิราช^bสาขาวิชานิติศาสตร์
245 00 เอกสารการสอนชุดวิชา ความรู้เบื้องต้นเกี่ยวกับกฎหมายทั่วไป 1-7=^bGeneral princiles of law /^cสาขาวิชานิติศาสตร์ มหาวิทยาลัยสุโขทัยธรรมาธิราช
246 31 General princiles of law
250    พิมพ์ครั้งที่ 2
260    นนทบุรี:^bศูนย์หนังสือมหาวิทยาลัยสุโขทัยธรรมาธิราช,^c2548
300    275 หน้า
650  7 กฎหมาย
945    ^p0^l0^i018542
995    ทศพร
999 ^a ใช้งานได้ทุกระบบ
รายการนี้ยังไม่มีแท็ก
คุณยังไม่ได้ล็อกอิน คุณสามารถมีกิจกรรมร่วมกับเว็บไซต์ได้ แต่ต้องล็อกอินก่อน ::
  ล็อกอิน

รายการสื่อสารสนเทศ

ลำดับที่ ประเภท เลขเรียก/บาร์โค้ด สถานที่ สถานะ
- ไม่พบข้อมูล -

รายการใกล้เคียง
    หัวเรื่อง [กฎหมาย]

BibComment


ยังไม่เคยถูกคอมเมนท์

คอมเมนท์ทรัพยากรรายการนี้
  คอมเมนท์: เอกสารการสอนชุดวิ..


 Copyright 2026. Bcnsprnw @Library